Robbins & Cotran: Pathologic Basis of Disease/ (Record no. 189238)

MARC details
000 -LEADER
fixed length control field 00702nam a22002297a 4500
005 - DATE AND TIME OF LATEST TRANSACTION
control field 20220623101532.0
010 ## - LCCN (DPL NO)
LC control number vivek
020 ## - INTERNATIONAL STANDARD BOOK NUMBER
International Standard Book Number 9788131238592
020 ## - INTERNATIONAL STANDARD BOOK NUMBER
International Standard Book Number 9788131228104
037 ## - SOURCE OF ACQUISITION
Source of stock number/acquisition Reed Elsevier India Private limited.
100 ## - MAIN ENTRY--PERSONAL NAME
Personal name Vinay kumar
245 ## - TITLE STATEMENT
Title Robbins & Cotran: Pathologic Basis of Disease/
Remainder of title Vinay kumar
260 ## - PUBLICATION, DISTRIBUTION, ETC. (IMPRINT)
Place of publication, distribution, etc New Delhi
Name of publisher, distributor, etc Reed Elsevier India Private Limited.
Date of publication, distribution, etc 2014
270 ## - ADDRESS
Address 818, Indraprakash Building 21, Barakhamba Road
City New Delhi
Postal code 110001
300 ## - PHYSICAL DESCRIPTION
Extent xx,1391p.
Other physical details ill.
Dimensions 27cm(Pb).
300 ## - PHYSICAL DESCRIPTION
Extent 27cm.
490 ## - SERIES STATEMENT
Volume number/sequential designation volume 1 & 2
500 ## - GENERAL NOTE
General note index
700 ## - ADDED ENTRY--PERSONAL NAME
Personal name Abul K. Abbas
700 ## - ADDED ENTRY--PERSONAL NAME
Personal name Jon C. Aster
942 ## - ADDED ENTRY ELEMENTS (KOHA)
Source of classification or shelving scheme Dewey Decimal Classification
Item type English Books
Edition Restricted Edition
Call number prefix ABB

No items available.


© Delhi Public Library
Hit Counter
free hit counter